Why some developing nations lure more private investment.
Výťah z rozboru v referáte MMF z marca r. 1991. Vytipované trendy v investičnej politike zo zahraničia. Účinky monetárnej politiky na ekonomiku rozvojových krajín. Očakávania zmien na trhu devíz.
Gespeichert in:
| Format: | Buchkapitel |
|---|---|
| Sprache: | Englisch |
| Schlagworte: | |
| Tags: |
Keine Tags, Fügen Sie das erste Tag hinzu!
|
MARC
| LEADER | 00000naa a2200000 4500 | ||
|---|---|---|---|
| 001 | r004115 | ||
| 005 | 20221213084208.8 | ||
| 041 | 0 | |a eng | |
| 044 | |a US | ||
| 245 | 1 | 0 | |a Why some developing nations lure more private investment. |
| 520 | |a Výťah z rozboru v referáte MMF z marca r. 1991. Vytipované trendy v investičnej politike zo zahraničia. Účinky monetárnej politiky na ekonomiku rozvojových krajín. Očakávania zmien na trhu devíz. | ||
| 610 | 2 | 0 | |a krajiny rozvojové |
| 610 | 2 | 0 | |a politika investičná |
| 610 | 2 | 0 | |a investície zahraničné |
| 610 | 2 | 0 | |a trh devízový |